000 00454nam a2200181Ia 4500
005 20250423101529.0
008 250422s9999 xx 000 0 und d
020 _a0194230740
050 _aPZ 7 .S74 T45/
100 _aStewart, Mary
245 0 _aThis rough magic
260 _aSpain
260 _bOxford Universty Press
260 _c2000
300 _a104 p
650 _aEnglish language -- Study and teaching Readers - Stage 5
942 _cBK
999 _c36557
_d36557